Enfoques y metodologías en las Ciencias Sociales. Una perspectiva pluralista

Salvato in:
Dettagli Bibliografici
Autore principale: Della Porta, Donatella (editora)
Altri autori: Keating, Michael (Redattore), Vázquez Ramil, Raquel (traductora)
Natura: Sconosciuto
Lingua:inglese
Pubblicazione: Madrid, España Ediciones Akal 2013
Soggetti:
Tags: Aggiungi Tag
Nessun Tag, puoi essere il primo ad aggiungerne!!

MARC

LEADER 00000 a2200000 4500
003 CL-VaPUC
005 20210730141139.0
008 210624b ||||| |||| 00| 0 eng d
999 |c 433246  |d 433244 
020 |a 9788446030621 
040 |c Pontificia Universidad Católica de Valparaíso 
082 |a 300.72 DEL 2013 
100 1 |a Della Porta, Donatella  |9 861859  |e editora 
245 1 |a Enfoques y metodologías en las Ciencias Sociales.   |b Una perspectiva pluralista 
260 |a Madrid, España   |b Ediciones Akal   |c 2013 
300 |a 398 páginas  
583 |k Cristina Rojas  |c 20210624 
650 0 |a Ciencias sociales   |9 256351  |x Métodos de investigación  
650 0 |a Ciencias sociales   |x Epistemología y filosofía  |9 862038 
700 |a Keating, Michael  |e editor  |9 861912 
700 |a Vázquez Ramil, Raquel  |e traductora   |9 861913 
942 |2 ddc  |c BK 
952 |0 0  |1 0  |2 ddc  |4 0  |6 300_720000000000000_DEL_2013  |7 0  |8 A  |9 578264  |a BIBHIS  |b BIBHIS  |d 2021-06-23  |e 47  |g 29000.00  |i 5585619  |l 1  |o 300.72 DEL 2013  |p 5585619  |r 2025-01-20  |s 2022-03-01  |t 1  |v 29000.00  |w 2021-06-23  |y BK  |k HIS